000 00267nam a2200097Ia 4500
001 722518
005 20250826163313.0
008 250824s9999 xx 000 0 und d
245 0 _aMEŞHUR OLAN FAKİR ÇOCUKLAR
_cRECEP ŞÜKRÜ APUHAN
260 _bGENÇ TİMAŞ YAYINLARI
999 _c722518
_d722518